000 00657nam a2200217Ii 4500
003 JO-AjNU
008 230605s9999||||xx |||||||||||||| ||und||
017 _a2012/12/4382
040 _aJO-AjNU
_bara
_erda
_cJO-AjNU
041 _aara
050 1 4 _aBJ1291.F36.2012
100 3 _aالفقير، نوح مصطفى,
_eauthor
_943783
245 0 0 _aغض البصر عن خائنة الأعين
250 _aط1
264 3 1 _aعمان:نوح مصطفى الفقير ،2012
300 _a45ص
336 _atext
_btxt
_2rdacontent
337 _aunmediated
_bn
_2rdamedia
338 _avolume
_bnc
_2rdacarrier
650 4 _aاخلاق اسلامية
_943784
999 _aA18848
_c22416
_d22416